000 00500nab a2200145Ia 4500
003 ES-SlBCS
005 20210601133847.0
008 140529s1957 xxu||||| |||| 00| 0 por d
041 _apor
100 1 _aCarrington da Costa, Rui
_9210578
245 0 0 _aDa necessidade da existência de psicólogos escolares no ensino secundário
_c Rui Carrington Da Costa
650 0 4 _aPsicólogos Escolares
_9210655
773 0 _tRevista Portuguesa de Filosofia
_gvol. 13, 1957, págs. 392-409
_wRev379
942 _cAR
999 _c603315
_d603315